| 000 | 00691cam a2200229 a 4500 | ||
|---|---|---|---|
| 001 | 1104933 | ||
| 005 | 20180308050700.0 | ||
| 008 | 930319s1993 nyuaf 001 0aeng | ||
| 010 | _a 93001175 | ||
| 020 |
_a0688067158 (acidfree paper) : _c$23.00 |
||
| 040 |
_aDLC _cDLC _dDLC |
||
| 041 | _aeng | ||
| 043 | _an-us-ny | ||
| 080 | _a364.153 | ||
| 082 | 0 | 0 |
_a364.153 FAI _220 |
| 100 | 1 | _a50 | |
| 101 | _aSOC | ||
| 245 | 1 | 0 |
_aSexual violence : _cLinda A. Fairstein. |
| 906 |
_a7 _bcbc _corignew _d1 _eocip _f19 _gy-gencatlg |
||
| 942 |
_2ddc _cBK |
||
| 999 |
_c44446 _d44446 |
||